Countries with Dutch language influence - Statistics

General Stats
  • This quiz has been taken 246 times
  • The average score is 6 of 8
Answer Stats
Hint Answer % Correct
Europe Belgium
97%
South America Suriname
92%
Africa South Africa
90%
North America Netherlands Antilles
87%
Europe the Netherlands
87%
Asia Indonesia
84%
Africa Namibia
69%
North America Aruba
33%
No matching quizzes found
Score Distribution
Percent of People with Each Score
Percentile by Number Answered
Your Score History
You have not taken this quiz